| 000 | 00760cam a22002531 4500 | ||
|---|---|---|---|
| 001 | 6392 | ||
| 003 | BD-RjUL | ||
| 005 | 20211208234233.0 | ||
| 008 | 140111s1966 stka b 001 0 eng d | ||
| 035 | _a(BD-RjUL)6432 | ||
| 040 |
_aDLC/ICU _cICU _dDLC _d(BD-RjUL) _beng |
||
| 041 | _aeng | ||
| 082 | 0 | 0 |
_a517.355 _bLAD |
| 100 | 1 |
_aLanczos, Cornelius, _d1893-1974. _920136 |
|
| 245 | 1 | 0 |
_aDiscourse on Fourier series / _cLanczos, Cornelius, |
| 260 |
_aEdinburgh : _aLondon: _bOliver & Boyd; _c1966. |
||
| 300 |
_aviii, 255 p. : _btable, diagrs. ; _c24 cm. |
||
| 500 | _aIncludes Index | ||
| 504 | _aBibliography: p. 250. | ||
| 650 | 0 |
_aFourier series. _919325 |
|
| 942 |
_2ddc _cBK |
||
| 999 |
_c6392 _d6392 |
||